000 00297nam a22001217a 4500
008 160510b xxu||||| |||| 00| 0 eng d
020 _a9780077390600
020 _a9780077390600
041 _aeng
080 _a61
245 _aComputers in themedical office:
_cSusan M.Sanderson;
942 _2udc
_cBK
999 _c2000
_d2000